00318nam a22001217a 4500020001500000082001200015100002200027245006000049250000600109260003200115300000800147650004100155 a0073655848 a512 BAR aBarnett Raymond.A aStudent's Solutions Manual to accompany College Algebra a6 aNew YorkbMcGraw-Hillc1999 a524 aAlgebraaFormulasaStudent Solutions